| 000 | 01083cad a22002415a 4500 | ||
|---|---|---|---|
| 001 | E144418 | ||
| 008 | 080717s2008 xxk f 000 0 eng d | ||
| 035 | _a(Sirsi) u144418 | ||
| 041 | 0 | _aeng | |
| 050 | 0 | 4 | _a690.241 $2 18 |
| 110 | 2 |
_aHistoric Scotland _92914 |
|
| 245 | 0 | 0 |
_aINFORM, information for historic building owners _bcare and maintenance of corrugated iron _h[electronic publication] |
| 260 |
_aEdinburgh _bHistoric Scotland _c2008 |
||
| 300 |
_a[8]p. _bill. _c21cm. |
||
| 490 | 0 | _aInform | |
| 520 | _aSince it was first patented in 1828, corrugated iron has been used frequently in historic construction. This leaflet gives some background to its uses and characteristics, and offers advice on its maintenance and repair. | ||
| 521 | _aIntroductory | ||
| 590 | _aKA | ||
| 651 | 4 |
_aScotland _y1999- |
|
| 690 | _aBUILT ENVIRONMENT-BUILDING TYPES-ANCIENT MONUMENTS AND HISTORIC BUILDINGS | ||
| 856 | 4 | 1 |
_uhttps://www.historic-scotland.gov.uk/publicationsresultsdetail.htm?id=496aa4557 _zView the leaflet free of charge at www.historic-scotland.gov.uk... |
| 942 | _n0 | ||
| 999 |
_c108499 _d108499 |
||